MARC

LEADER 00000nam0a2200000 4500
001 115564
005 20231031122743.0
010 |a 5343005268 
020 |a RU  |b 90-16009 
035 |a (RuTPU)RU\TPU\book\124988 
090 |a 115564 
100 |a 20070510d1990 km y0rusy5003 ca 
101 0 |a rus 
102 |a BY 
105 |a a z 001zy 
200 1 |a Динамика и тепломассообмен пузырьков в полимерных жидкостях  |f С. П. Левицкий, З. П. Шульман  |g Академия наук Белорусской ССР, Институт тепло-и массообмена им. А. В. Лыкова 
210 |a Минск  |c Навука i тэхнiка  |d 1990 
215 |a 174,[2] с.  |c граф. 
320 |a Библиогр.: с. 164-175 (318 назв.). 
610 1 |a полимеры 
610 1 |a растворы 
610 1 |a пузыри в жидкости 
610 1 |a расплавы 
610 1 |a динамика 
610 1 |a полимерные жидкости 
610 1 |a тепломассообмен 
675 |a 678  |z rus 
700 1 |a Левицкий  |b С. П.  |g Семен Петрович  |4 070 
701 1 |a Шульман  |b З. П.  |g Зиновий Пинхусович  |4 070 
712 0 2 |a Академия наук Белорусской ССР (АН БССР)  |b Институт тепло- и массообмена им. А. В. Лыкова (ИТМО)  |c (Минск)  |2 stltpush  |3 (RuTPU)RU\TPU\col\11896 
801 0 |a RU  |b RuMRKP  |c 19950417  |g psbo 
801 1 |a RU  |b 63413507  |c 20070510  |g PSBO 
801 2 |a RU  |b 63413507  |c 20130718  |g PSBO 
942 |c BK